Identify The Car Brand #2 - Statistics

General Stats
  • This quiz has been taken 43 times
  • The average score is 7 of 8
Answer Stats
Picture Answer % Correct
BMW
95%
Nissan
90%
Fiat
87%
Lamborghini
87%
Ford
85%
Bentley
82%
Mitsubishi
79%
Koenigsegg
56%
No matching quizzes found
Score Distribution
Percent of People with Each Score
Percentile by Number Answered
Your Score History
You have not taken this quiz